Handbook of current english (Record no. 18508)
[ view plain ]
| 000 -LEADER | |
|---|---|
| fixed length control field | 00399nam a22001577a 4500 |
| 020 ## - INTERNATIONAL STANDARD BOOK NUMBER | |
| International Standard Book Number | 0673154254 |
| 082 ## - DEWEY DECIMAL CLASSIFICATION NUMBER | |
| Classification number | 808.042 COR |
| 100 ## - MAIN ENTRY--PERSONAL NAME | |
| Personal name | Corder, Jim. W |
| 245 ## - TITLE STATEMENT | |
| Title | Handbook of current english |
| 250 ## - EDITION STATEMENT | |
| Edition statement | sixth edition |
| 260 ## - PUBLICATION, DISTRIBUTION, ETC. | |
| Place of publication, distribution, etc. | London |
| Name of publisher, distributor, etc. | Scott, Foresman and company |
| Date of publication, distribution, etc. | 1981 |
| 300 ## - PHYSICAL DESCRIPTION | |
| Extent | xix |
| Other physical details | ill.,20cm |
| 500 ## - GENERAL NOTE | |
| General note | include glossary and index |
| 650 ## - SUBJECT ADDED ENTRY--TOPICAL TERM | |
| Topical term or geographic name entry element | english language |
| 942 ## - ADDED ENTRY ELEMENTS (KOHA) | |
| Koha item type | Books |
| Withdrawn status | Lost status | Damaged status | Not for loan | Home library | Current library | Shelving location | Date acquired | Total Checkouts | Full call number | Barcode | Date last seen | Price effective from | Koha item type |
|---|---|---|---|---|---|---|---|---|---|---|---|---|---|
| IFM Main Campus Library | IFM Main Campus Library | Stack Collection | 08/16/2017 | 808.042 COR | 0000012316 | 08/16/2017 | 08/16/2017 | Books |
